| 000 | 00801nam a2200241 a 4500 | ||
|---|---|---|---|
| 003 | PILC | ||
| 005 | 20160223101738.0 | ||
| 008 | 120925s19uu xx 00 eng d | ||
| 020 | _a9789710482496 | ||
| 050 |
_aBT 703.5 _b.F45 2007 |
||
| 100 | _aFeldhahn, Shaunti. | ||
| 245 |
_aFor men only / _cShaunti Feldhahn, Jeff Feldhahn. |
||
| 260 |
_aManila, Philippines : _bShepherd House Pub, _c2007. |
||
| 300 |
_a190 pages ; _c17 cm. |
||
| 500 | _aOriginally published by Veritas Enterprises | ||
| 520 | _a"A straightforward guide to the inner lives of women."--Cover note. | ||
| 650 |
_aMan-woman relationships _xReligious aspects _xChristianity. |
||
| 650 | _aMan-woman relationships. | ||
| 650 |
_aWomen _xPsychology. |
||
| 700 | _aFeldhahn, Jeff. | ||
| 942 |
_cBK _2lcc _kFOR |
||
| 999 |
_c39458 _d39458 |
||